Investing in Japanese securities : Profit and protection for the intelligent investor
שמור ב:
| מחבר ראשי: | |
|---|---|
| פורמט: | ספר |
| שפה: | Undetermined |
| יצא לאור: |
Tokyo
C. E. Tuttle Co.
1972
|
| נושאים: | |
| תגים: |
הוספת תג
אין תגיות, היה/י הראשונ/ה לתייג את הרשומה!
|
| Thư viện lưu trữ: | Trung tâm Học liệu Trường Đại học Cần Thơ |
|---|
| LEADER | 00575nam a2200205Ia 4500 | ||
|---|---|---|---|
| 001 | CTU_78960 | ||
| 008 | 210402s9999 xx 000 0 und d | ||
| 082 | |a 332.6 | ||
| 082 | |b B471 | ||
| 100 | |a Bennett, John B. | ||
| 245 | 0 | |a Investing in Japanese securities : | |
| 245 | 0 | |b Profit and protection for the intelligent investor | |
| 245 | 0 | |c John B. Bennett | |
| 260 | |a Tokyo | ||
| 260 | |b C. E. Tuttle Co. | ||
| 260 | |c 1972 | ||
| 650 | |a Investment,Securities | ||
| 650 | |z Japan,Japan | ||
| 904 | |i M.Loan | ||
| 980 | |a Trung tâm Học liệu Trường Đại học Cần Thơ | ||